[Event "Canadian Closed"]
[Site "Montreal CAN"]
[Date "2001.08.27"]
[Round "8"]
[White "Chabot,R"]
[Black "Gaspariants,V"]
[Result "1/2-1/2"]
[WhiteElo "2225"]
[BlackElo "2305"]

1.d4 Nf6 2.c4 d6 3.Nf3 g6 4.Nc3 Bg7 5.e4 O-O 6.Be2 Nbd7 7.O-O e5 8.Be3 c6
9.Qc2 Ng4 10.Bg5 Qe8 11.d5 f5 12.h3 Nh6 13.Rad1 Nc5 14.b4 Nxe4 15.Nxe4 fxe4
16.Qxe4 Nf7 17.Bc1 Bf5 18.Qe3 cxd5 19.cxd5 Bc2 20.Rde1 Qa4 21.a3 Bh6 22.Qc3 Rac8
23.Qa1 Bg7 24.Nd2 Bb3 25.Bd1 Bxd1 26.Rxd1 Nh6 27.g4 Nf7 28.Ne4 Qb3 29.Be3 Rc2
30.Qb1 Rb2 31.Qd3 Qa4 32.Rc1 Rb3 33.Rc3 Rxc3 34.Qxc3 Qb5 35.Rd1 a6 36.Qd3 Qxd3
37.Rxd3 Rc8 38.Rc3 Rxc3 39.Nxc3 Bh6 40.Bxh6 Nxh6 41.Ne4 Nf7 42.g5 Kg7 43.h4 h5
44.Kf1 Kf8 45.Ke2 Ke7 46.Kd3 Kd7 47.Kc3 Kc7 48.Kc4 Kb6 49.Kb3 Kb5 50.Nc3+ Kb6
51.Ne4 Kc7 52.Kc3 Nd8 53.Kd3 Kd7 54.Ke3  1/2-1/2

[Event "Schwarzach Open A"]
[Site "Salzburg AUT"]
[Date "2001.08.27"]
[Round "3"]
[White "Danner,G"]
[Black "Shchekachev,A"]
[Result "0-1"]
[WhiteElo "2421"]
[BlackElo "2546"]

1.d4 Nf6 2.c4 g6 3.Nc3 Bg7 4.e4 d6 5.Be2 O-O 6.Nf3 e5 7.d5 a5 8.Bg5 h6 9.Bh4 Na6
10.Nd2 Bd7 11.a3 Qb8 12.Rb1 Nc5 13.b4 axb4 14.axb4 Na4 15.Qc2 Nxc3 16.Qxc3 Ra2
17.c5 g5 18.Bg3 Qa7 19.f3 Nxd5 20.exd5 e4 21.Qc4 exf3 22.gxf3 Re8 23.h4 Qa3
24.Qb3 Bc3 25.Qxa3 Rxa3 26.hxg5 hxg5 27.cxd6 Ra2 28.Kf1 Rxd2 29.Be1 Rexe2
30.Bxd2 Rxd2 31.Rh5 cxd6 32.Rxg5+ Kf8 33.b5 Bd4 34.Rb3 Rb2 35.Rxb2 Bxb2 36.Ke2 Bxb5+
37.Kd2 Bd4 38.Rg4 Bc5 39.Re4 Bd7 40.Kc3 b5 41.Re2 Bc8 42.Rb2 b4+ 43.Kb3 Ke7
44.Re2+ Kf6 45.Re4 Bb7 46.Kc4 Ba6+ 47.Kb3 Kf5 48.Re7 f6 49.Re4 Bf1  0-1

[Event "Schwarzach Open A"]
[Site "Salzburg AUT"]
[Date "2001.08.27"]
[Round "3"]
[White "Staller,P"]
[Black "Groeppel,P"]
[Result "1/2-1/2"]
[WhiteElo "2310"]
[BlackElo "2143"]

1.d4 Nf6 2.c4 g6 3.Nc3 Bg7 4.e4 d6 5.Nf3 O-O 6.Be2 Nbd7 7.O-O e5 8.Re1 a5
9.dxe5 dxe5 10.b3 c6 11.Ba3 Re8 12.Bf1 Bf8 13.Bxf8 Kxf8 14.Na4 Qe7 15.Qd2 Kg7
16.a3 Nc5 17.Nxc5 Qxc5 18.b4 Qe7 19.Rab1 axb4 20.axb4 Bg4 21.Rb3 Red8 22.Qg5 Bxf3
23.Rxf3 Ng8 24.Qxe7 Nxe7 25.Rd3 Rxd3 26.Bxd3 Rd8 27.Bf1 Rd4 28.f3 b5  1/2-1/2

[Event "21st Open"]
[Site "Bratto ITA"]
[Date "2001.08.28"]
[Round "7"]
[White "Komarov,D"]
[Black "Sarno,S"]
[Result "1/2-1/2"]
[WhiteElo "2525"]
[BlackElo "2400"]

1.Nf3 Nf6 2.c4 g6 3.Nc3 Bg7 4.e4 O-O 5.d4 d6 6.Be2 e5 7.d5 a5 8.Bg5 h6 9.Bh4 Na6
10.O-O Qe8 11.Nd2 Bd7 12.b3 Nh7 13.a3 h5 14.f3 Bh6 15.Rb1 Be3+ 16.Bf2 Bc5
17.Bxc5 Nxc5 18.Qc2 Qe7 19.b4 axb4 20.axb4 Na4 21.Nd1 f5 22.Nf2 Nf6 23.Rfc1 h4
24.c5 Nh5 25.Bf1 Qg5 26.Nc4 b5 27.c6 bxc4 28.cxd7 Nb6 29.Nh3 Qe3+ 30.Qf2 Qxf2+
31.Nxf2 Rfd8 32.Bxc4 Rxd7 33.Bb5 Re7 34.Ra1 Rxa1 35.Rxa1 Kg7 36.Nd1 fxe4
37.fxe4 Nf6 38.Nc3 Rf7 39.Bd3 Ne8 40.Nb5 Nd7 41.Ra8 Ndf6 42.Na7 Kh6 43.Nc6 Ng7
44.Ra7 Ngh5 45.Nd8 Rd7 46.Ne6 Nf4 47.Bb5 Rh7 48.Rxc7 Nxe4 49.Rxh7+ Kxh7 50.Bc6 Nc3
51.Nxf4 exf4 52.Kf2 g5 53.h3 Kg6 54.Kf3 Kf5 55.b5 Na4 56.Bd7+ Ke5 57.Kg4 Nb6
58.Be6 Kf6 59.Kh5 Nc4 60.Kh6 Nb6 61.Kh7 Nc4 62.Kh6 Nb6 63.Kh7 Nc4 64.Kg8 Nb6
65.Kf8 Ke5 66.Kf7 Nxd5 67.Bg4 f3 68.Bxf3 Nb6 69.Kg6 Kf4 70.Kf6 d5 71.Ke6 d4
72.Kd6 d3 73.Kc5 Nd7+ 74.Kd4 Ne5 75.Bd1 d2 76.Be2 Nd7 77.Kd3 Kg3 78.Kxd2 Kxg2
79.Bg4 Ne5 80.Be6 Kf3 81.b6 Ke4 82.Kc3 Nc6 83.Kc4 Na5+ 84.Kb5 Nb7 85.Kc6 Na5+
86.Kd6 Nb7+ 87.Kc7 Na5 88.Kd6 Nb7+ 89.Kc7 Na5 90.Bg4 Kd5 91.Bf3+ Ke6 92.Bc6 Ke5
93.Bf3 Ke6 94.Be2 Ke7 95.Bg4 Nb3 96.Kc6 Na5+ 97.Kd5 Nb7 98.Ke5 Nd6 99.Be6 Nb7
100.Bc8 Nd6 101.Be6 Nb7 102.Bc4 Na5 103.Bd5 Kd7 104.Kf6 Kd6 105.Bf3 Kc5 106.b7 Nxb7
107.Bxb7 Kd6 108.Be4 Kd7 109.Bd5 Ke8 110.Bc6+ Kd8 111.Ke6 Kc7 112.Kd5 Kd8
113.Kd6 Kc8 114.Ke7 Kc7 115.Bd7 Kb6 116.Kd6 Kb7 117.Bb5 Kc8 118.Ba6+ Kd8
119.Bb7 Ke8 120.Ke6 Kd8 121.Bc6 Kc7 122.Kd5 Kd8 123.Kd6 Kc8 124.Bd5 Kd8 125.Bf7 Kc8
126.Be8 Kb7 127.Bd7 Kb6 128.Bc6 Ka7 129.Kc7 Ka6 130.Bd7 Ka5 131.Kc6 Ka6 132.Be6 Ka5
133.Bc4 Kb4 134.Kd5 Ka5 135.Kc5 Ka4 136.Kd4 Ka5 137.Kc5 Ka4 138.Bb5+ Ka5
139.Bf1 Ka4 140.Bc4 Ka3 141.Kd4 Kb4 142.Bd3 Ka5 143.Kc5 Ka4 144.Bc2+ Ka5
145.Bb3 Ka6 146.Kc6 Ka5 147.Ba2 Ka6 148.Bc4+ Ka5 149.Bf1 Kb4 150.Kd5 Ka5
151.Ke5 Kb4 152.Kf5 Kc5 153.Kxg5 Kd6 154.Kxh4  1/2-1/2

[Event "Open"]
[Site "Lisbon POR"]
[Date "2001.08.28"]
[Round "8"]
[White "Gladyszev,O"]
[Black "Gallagher,Jo"]
[Result "0-1"]
[WhiteElo "2352"]
[BlackElo "2516"]

1.d4 Nf6 2.c4 g6 3.Nc3 Bg7 4.e4 d6 5.Be2 O-O 6.Nf3 e5 7.O-O Na6 8.Bg5 h6
9.Bh4 g5 10.dxe5 dxe5 11.Bg3 Nd7 12.h4 c6 13.hxg5 hxg5 14.Qd2 f6 15.Rad1 Qe7
16.a3 Re8 17.b4 Nf8 18.c5 Be6 19.Qd6 Nc7 20.a4 a6 21.Qxe7 Rxe7 22.Nd2 a5
23.b5 Nd7 24.Rc1 Nxc5 25.bxc6 bxc6 26.Ncb1 N7a6 27.Bxa6 Nxa6 28.Rxc6 Nb4
29.Rc3 Rb7 30.Nc4 Na2 31.Rc2 Rc7 32.Ne3 Rxc2 33.Nxc2 Bb3 34.Ne3 Bxa4 35.Nd2 Nc3
36.Ra1 Bb5 37.f3 a4 38.Ndc4 Ne2+ 39.Kf2 Nxg3 40.Kxg3 Bf8 41.Nb6 Ra6 42.Nbd5 a3
43.Nc7 Ra5 44.Nxb5 Rxb5 45.Kg4 Rb2 46.Kf5 Kg7 47.Nd5 a2 48.Nxf6 Rxg2 49.Nd5 Rf2
50.Kxe5 Bc5 51.Nc3 Rc2 52.Rxa2 Rxc3 53.Kf5 Bd6 54.f4 gxf4 55.e5 Rc5 56.Ra7+ Bc7
57.Kxf4 Kf7 58.Ra4 Bxe5+ 59.Ke4 Bd6 60.Ra6 Rc4+ 61.Kd3 Rg4 62.Ra8 Be5 63.Ra5 Ke6
64.Ra8 Kf5 65.Rf8+ Bf6 66.Re8 Rd4+ 67.Ke3 Rd6 68.Rf8 Rd7 69.Ke2 Ke5 70.Ke3 Be7
71.Re8 Kf5 72.Kf3 Bc5 73.Rh8 Rd3+ 74.Ke2 Rc3 75.Rh4 Be3 76.Ra4 Ke5 77.Ra8 Bd4
78.Re8+ Kd5 79.Rg8 Kc4 80.Rc8+ Bc5 81.Re8 Rh3 82.Re4+ Bd4 83.Re8 Kd5 84.Rg8 Re3+
85.Kf1 Ke4 86.Rg2 Ra3 87.Re2+ Be3 88.Rb2 Ra1+ 89.Ke2 Ra4 90.Rc2 Ra8 91.Rb2 Rh8
92.Rc2 Rh3 93.Rc4+ Bd4 94.Rc2 Bc3 95.Kf1 Kd3 96.Re2 Bd4 97.Re8 Rg3  0-1

[Event "10th Open"]
[Site "Kavala GRE"]
[Date "2001.08.29"]
[Round "9"]
[White "Halkias,S"]
[Black "Markidis,K"]
[Result "1-0"]
[WhiteElo "2505"]
[BlackElo "2342"]

1.d4 Nf6 2.c4 g6 3.Nc3 Bg7 4.e4 d6 5.Nf3 O-O 6.Be2 e5 7.Be3 Ng4 8.Bg5 f6
9.Bh4 Nc6 10.d5 Ne7 11.Nd2 h5 12.h3 Nh6 13.g4 hxg4 14.hxg4 Nf7 15.Qc2 c5
16.O-O-O a6 17.Rh2 Bd7 18.Rdh1 Qc8 19.Nd1 Bxg4 20.Bxg4 Qxg4 21.Ne3 Qd7 22.Qd1 Nh6
23.Bg3 Kf7 24.Rxh6 Bxh6 25.Rxh6 Rh8 26.Ng4 Rxh6 27.Nxh6+ Kg7 28.Ng4 b5 29.f4 exf4
30.Bxf4 Rh8 31.Qf3 Ng8 32.b3 Qc7 33.Kd1 Qd7 34.Qg3 Rh1+ 35.Ke2 bxc4 36.Nxc4 Qb5
37.Ne3 Nh6 38.Bxh6+ Kxh6 39.Ng4+ Kg7 40.Qf3  1-0

[Event "10th Open"]
[Site "Kavala GRE"]
[Date "2001.08.29"]
[Round "9"]
[White "Ignat,D"]
[Black "Banikas,H"]
[Result "0-1"]
[WhiteElo "2108"]
[BlackElo "2531"]

1.d4 Nf6 2.c4 g6 3.Nc3 Bg7 4.e4 d6 5.Nf3 O-O 6.Be2 e5 7.d5 a5 8.Bg5 h6 9.Bh4 Na6
10.Nd2 Bd7 11.O-O Qb8 12.f3 Nh7 13.Kh1 h5 14.a3 Bh6 15.Bf2 a4 16.b4 axb3
17.Nxb3 b6 18.Nb5 f5 19.exf5 gxf5 20.f4 Bxf4 21.Bxh5 Qd8 22.g3 Bh6 23.Bf3 Kg7
24.Qe2 Nf6 25.Be3 Rh8 26.Ra2 Qe7 27.N3d4 Rae8 28.Nc6 Qf7 29.Bxb6 e4 30.Bg2 cxb6
31.Nxd6 Qg6 32.Nd4 Re5 33.Qb2 Kg8 34.Qxb6 Be3 35.Qd8+ Kg7 36.Ne6+ Rxe6 37.Nxf5+ Qxf5
38.Qxh8+ Kxh8 39.Rxf5 Rb6 40.Rf1 Nc5 41.a4 Bxa4 42.Re1 Bd4 43.h4 e3 44.Bf1 Nfe4
45.Kg2 Rg6 46.Kf3 Rxg3+ 47.Kf4 Rg8 48.Ra3 Rf8+ 49.Kg4 Bd7+  0-1

[Event "Caissa IM"]
[Site "Miercurea Ciuc ROM"]
[Date "2001.08.29"]
[Round "10"]
[White "Manolache,M"]
[Black "Nanu,C"]
[Result "1-0"]
[WhiteElo "2421"]
[BlackElo "2417"]

1.d4 Nf6 2.c4 g6 3.Nc3 Bg7 4.e4 O-O 5.Nf3 d6 6.Be2 Na6 7.O-O e5 8.Re1 Nh5
9.h3 Nf4 10.Bxf4 exf4 11.e5 dxe5 12.dxe5 Qxd1 13.Raxd1 f6 14.c5 fxe5 15.Bc4+ Kh8
16.Nxe5 Nxc5 17.Nf7+ Kg8 18.Re7 Be6 19.Rxe6 Nxe6 20.Ng5 Bxc3 21.Rd7 Rae8
22.Nxe6 b5 23.Bb3 c5 24.Nxc5+ Kh8 25.bxc3 Re1+ 26.Kh2 Rfe8 27.Rxa7 R1e2 28.Rf7 Rxf2
29.Nd3 Rfe2 30.Nxf4 R2e7 31.Rxe7 Rxe7 32.Ne6 Rd7 33.c4 bxc4 34.Bxc4 Ra7 35.Kg3 Kg8
36.Kf3 Kf7 37.Ke4 Ra5 38.Nf4+ Ke7 39.Nd5+ Kd6 40.Bb3 Ra8 41.g4 Re8+ 42.Kf4 h6
43.g5 h5 44.Nf6 Re1 45.Bf7 Rf1+ 46.Kg3 Rg1+ 47.Kh4  1-0

[Event "ADCF Masters"]
[Site "Abu Dhabi UAE"]
[Date "2001.08.30"]
[Round "6"]
[White "Khalid AlShaali"]
[Black "Velikhanli,F"]
[Result "1/2-1/2"]
[WhiteElo "2187"]
[BlackElo "2327"]

1.d4 Nf6 2.c4 g6 3.Nc3 Bg7 4.e4 d6 5.Be2 O-O 6.Nf3 e5 7.dxe5 dxe5 8.Qxd8 Rxd8
9.Bg5 Re8 10.Nd5 Nxd5 11.cxd5 c6 12.Bc4 h6 13.Be3 b5 14.Bb3 Bb7 15.O-O-O cxd5
16.Bxd5 Nc6 17.Kb1 Rab8 18.Rd2 a6 19.Rc1 Na5 20.Bxb7 Rxb7 21.b3 Re6 22.Rd8+ Kh7
23.Rdc8 Rd7 24.g4 Red6 25.Ra8 Nb7 26.g5 h5 27.Re8 Rd8 28.Re7 R6d7 29.Rc7 Rxc7
30.Rxc7 Nd6 31.Nd2 b4 32.Ra7 Nb5 33.Rxa6 Bf8 34.Nc4 Nc3+ 35.Kc2 Nxe4 36.Nxe5 Bg7
37.Nc6 Rd5 38.Nxb4 Rf5 39.f4 h4 40.a4 h3 41.Rc6 Ng3 42.Nd3 Nf1 43.Bg1 Rd5
44.Rc4 f6 45.gxf6 Bxf6 46.b4 g5 47.fxg5 Rxg5 48.Rc7+ Kg8 49.b5 Rxg1 50.b6 Ne3+
51.Kd2 Bd4 52.b7 Rg2+ 53.Kc1 Rg1+ 54.Kd2 Rg2+ 55.Nf2 Rxf2+ 56.Kd3 Ba7 57.Rc8+ Rf8
58.Ra8 Bb8 59.Kxe3 Bxh2 60.Rxf8+ Kxf8 61.Kf2 Ke7 62.a5 Kd7 63.a6 Kc7 64.Kf1 Kb6
65.b8=Q+ Bxb8 66.Kg1 Kxa6 67.Kh1  1/2-1/2

[Event "ADCF Masters"]
[Site "Abu Dhabi UAE"]
[Date "2001.08.30"]
[Round "6"]
[White "Ali,Mah"]
[Black "Hamed,Ah"]
[Result "0-1"]
[WhiteElo "2274"]
[BlackElo "2337"]

1.d4 Nf6 2.c4 g6 3.Nc3 Bg7 4.e4 d6 5.Nf3 O-O 6.Be2 e5 7.O-O Nbd7 8.Re1 c6
9.Bf1 a6 10.d5 c5 11.a3 Ne8 12.b4 Nc7 13.Be3 b6 14.Qd2 f5 15.Bh6 f4 16.Bxg7 Kxg7
17.Reb1 g5 18.Ne1 g4 19.bxc5 bxc5 20.Na4 Ne8 21.Rb3 Rf6 22.Rab1 Rh6 23.g3 Qg5
24.Ng2 Rxh2 25.Nh4 Rxh4 26.gxh4 Qxh4 27.Nb6 Nxb6 28.Rxb6 Nf6 29.Qe1 g3 30.fxg3 fxg3
31.Bg2 Qh2+ 32.Kf1 Bh3 33.Bxh3 Rf8 34.Bg2 Nxe4+ 35.Ke2 Qxg2+ 36.Kd3 Rf3+
37.Kxe4 Rf2+ 38.Kd3 Qf3+ 39.Qe3 e4+  0-1

[Event "EYCC B16"]
[Site "Halkidiki GRE"]
[Date "2001.09.02"]
[Round "3"]
[White "Porat,S"]
[Black "Novikov,S"]
[Result "1-0"]
[WhiteElo "2230"]
[BlackElo "2337"]

1.d4 g6 2.c4 Bg7 3.Nc3 d6 4.e4 Nf6 5.Nf3 O-O 6.Be2 e5 7.O-O exd4 8.Nxd4 Re8
9.f3 c6 10.Nc2 Na6 11.Be3 d5 12.cxd5 cxd5 13.exd5 Nb4 14.Nxb4 Rxe3 15.Nc2 Re7
16.Qd2 Be6 17.Bc4 Rd7 18.Rad1 Qc7 19.Qe2 Bf5 20.Bb3 Nh5 21.Ne3 Re8 22.Qf2 Be5
23.g3 Nxg3 24.d6 Rxd6 25.Ned5 Ne2+ 26.Qxe2  1-0

[Event "ADCF Masters"]
[Site "Abu Dhabi UAE"]
[Date "2001.09.03"]
[Round "9"]
[White "Khalid AlShaali"]
[Black "Mamedov,C"]
[Result "1/2-1/2"]
[WhiteElo "2187"]
[BlackElo "2224"]

1.d4 Nf6 2.Nf3 g6 3.c4 Bg7 4.Nc3 d6 5.e4 O-O 6.Be2 Nbd7 7.O-O e5 8.Re1 c6
9.Bf1 a5 10.Rb1 Re8 11.b3 exd4 12.Nxd4 Nc5 13.f3 Nfd7 14.Be3 Qc7 15.a3 Ne6
16.Qd2 Ne5 17.Rbd1 Rd8 18.Qf2  1/2-1/2

[Event "IX Open"]
[Site "Albacete ESP"]
[Date "2001.09.03"]
[Round "6"]
[White "Lazarev,V"]
[Black "Ubilava,E"]
[Result "1/2-1/2"]
[WhiteElo "2459"]
[BlackElo "2524"]

1.d4 Nf6 2.c4 g6 3.Nc3 Bg7 4.e4 d6 5.Nf3 O-O 6.Be2 e5 7.O-O c6 8.Re1 Nbd7
9.Bf1 exd4 10.Nxd4 Re8 11.Rb1 a5 12.Bg5 Nc5 13.f3 a4 14.Qd2 Qa5 15.Kh1 Nfxe4
16.fxe4 Bxd4 17.Qxd4 Ne6 18.Qxd6 Qxg5 19.e5 Rd8 20.Ne4 Rxd6 21.Nxg5 Rd4 22.Ne4  1/2-1/2

[Event "III Sants Hostafrancs Open"]
[Site "Barcelona ESP"]
[Date "2001.09.03"]
[Round "3"]
[White "Sanchez Lopez,J"]
[Black "Torrecillas Martinez,A"]
[Result "0-1"]
[WhiteElo "2103"]
[BlackElo "2392"]

1.c4 Nf6 2.Nc3 g6 3.e4 d6 4.d4 Bg7 5.Be2 O-O 6.Nf3 e5 7.d5 Na6 8.Bg5 h6 9.Bh4 g5
10.Bg3 Nxe4 11.Nxe4 f5 12.Bd3 fxe4 13.Bxe4 Nc5 14.Nd2 Nxe4 15.Nxe4 g4 16.O-O Qe8
17.Qe2 Qg6 18.Rae1 h5 19.f3 gxf3 20.Rxf3 Bg4 21.Rxf8+ Rxf8 22.Qd3 Bh6 23.Nf2 Bf5
24.Ne4 a5 25.b3 b6 26.a3 Kg7 27.Qe2 Bg4 28.Qd3 Bf4 29.Bh4 Bf5 30.Qe2 Qh6
31.Ng3 Bg4 32.Qd3 Bd2 33.Rf1 Qe3+ 34.Qxe3 Bxe3+ 35.Kh1 Rxf1+ 36.Nxf1 Bc5
37.Bd8 e4 38.Bxc7 e3 39.Nxe3 Bxe3 40.Bxd6 Bc5 41.Bc7 Bxa3 42.Bxb6 Bb4 43.h3 Bf5
44.d6 Kf7 45.Kg1 Ke6 46.c5 Bc2 47.g4 hxg4 48.hxg4 Bxb3 49.c6 Kxd6 50.c7 Kd7
51.Kf2 a4 52.Bd4 Kxc7 53.Ke2 Bc2 54.g5 Kc6 55.g6 Bxg6 56.Kd1 Kd5 57.Ba1 Kc4
58.Kc1 Kb3  0-1

[Event "9th Asian Women"]
[Site "Chennai IND"]
[Date "2001.09.03"]
[Round "1"]
[White "Khanam,A"]
[Black "Aarthie,R"]
[Result "1/2-1/2"]
[WhiteElo "2010"]
[BlackElo "2249"]

1.d4 Nf6 2.Nf3 g6 3.c4 Bg7 4.Nc3 O-O 5.e4 d6 6.Be2 e5 7.dxe5 dxe5 8.Qxd8 Rxd8
9.Bg5 Rf8 10.O-O Nc6 11.Rfd1 h6 12.Bxf6 Bxf6 13.Nd5 Bd8 14.h3 Be6 15.a3 Kg7
16.b4 f6 17.Rd2 Ne7 18.Rb1 h5 19.Nh2 Nc6 20.Nf3 Rg8 21.c5 Ne7 22.Bc4 Kf7
23.Nxe7 Bxe7 24.Bxe6+ Kxe6 25.Rbd1 a5 26.Rd7 Rgd8 27.Rxd8 Rxd8 28.Rxd8 Bxd8
29.Ne1 Be7 30.Nd3 Kd7 31.b5 a4 32.Kf1 b6 33.c6+ Ke6 34.Nb2 Bxa3 35.Nxa4 f5
36.f3 Bd6 37.Ke2 Kf6 38.Nb2 Bc5 39.Nc4 Bd4 40.Nd6 Ke7 41.Nc4 Ke6 42.Kd3 Bc5
43.Nd2 Bd4  1/2-1/2

[Event "TCh-YUG"]
[Site "Herceg Novi YUG"]
[Date "2001.09.03"]
[Round "1"]
[White "Zontakh,A"]
[Black "Benderac,S"]
[Result "1-0"]
[WhiteElo "2518"]
[BlackElo "2365"]

1.d4 Nf6 2.c4 g6 3.Nc3 Bg7 4.e4 d6 5.Nf3 O-O 6.Be2 e5 7.Be3 Ng4 8.Bg5 f6
9.Bc1 Qe8 10.O-O Na6 11.c5 dxc5 12.Bxa6 bxa6 13.dxc5 c6 14.Qe2 f5 15.h3 Nf6
16.exf5 e4 17.Nd4 gxf5 18.Bf4 Nh5 19.Bd6 Rf6 20.Nxc6 Qxc6 21.Qxh5 Rh6 22.Qe2 Bxc3
23.Qc4+ Be6 24.Qxc3 Kf7 25.Bf4 Rg6 26.g3 Rc8 27.b4 h5 28.Qe5 h4 29.Rad1 hxg3
30.fxg3  1-0

[Event "IX Open"]
[Site "Albacete ESP"]
[Date "2001.09.04"]
[Round "7"]
[White "Vera,R"]
[Black "Delchev,A"]
[Result "1/2-1/2"]
[WhiteElo "2563"]
[BlackElo "2629"]

1.d4 Nf6 2.c4 g6 3.Nc3 Bg7 4.e4 O-O 5.Nf3 d6 6.Be2 e5 7.O-O exd4 8.Nxd4 Re8
9.f3 Nc6 10.Be3 Nh5 11.Qd2 f5 12.Nxc6 bxc6 13.Bg5 Nf6 14.c5 Qe7 15.cxd6 cxd6
16.Rad1 d5 17.exd5 Qc5+ 18.Kh1 Nxd5 19.Nxd5 cxd5 20.b4 Qc6 21.Rc1 Qd6 22.Rfd1 Bb7
23.Bb5 Rec8 24.Bf4 Qe7 25.Be3 a6 26.Ba4 Qe5 27.Bc5 Qb2 28.Rc2 Qe5 29.Re1 Qf6
30.Re7 Rxc5 31.Rxg7+ Kxg7 32.Rxc5 Rc8 33.Rxc8 Bxc8 34.Qxd5 Qe6 35.Qd1  1/2-1/2

[Event "9th Asian Women"]
[Site "Chennai IND"]
[Date "2001.09.04"]
[Round "3"]
[White "Khanam,A"]
[Black "Sultana,Z2"]
[Result "1/2-1/2"]
[WhiteElo "2010"]
[BlackElo "2012"]

1.d4 Nf6 2.Nf3 g6 3.c4 Bg7 4.Nc3 O-O 5.e4 d6 6.Be2 c6 7.O-O e5 8.dxe5 dxe5
9.Qxd8 Rxd8 10.Bg5 Re8 11.Rfd1 h6 12.Bxf6 Bxf6 13.h3 Nd7 14.Rd2 Nf8  1/2-1/2

[Event "1st Sea Chess TCh"]
[Site "Kuala Lumpur MAI"]
[Date "2001.09.05"]
[Round "1"]
[White "Chan Peng Kong"]
[Black "Wynn Zaw Htun"]
[Result "1/2-1/2"]
[WhiteElo "2393"]
[BlackElo "2410"]

1.d4 Nf6 2.c4 d6 3.Nc3 g6 4.Nf3 Bg7 5.e4 O-O 6.Be2 e5 7.dxe5 dxe5 8.Qxd8 Rxd8
9.Bg5 Re8 10.O-O Na6 11.Rfd1 Nc5 12.Bxf6 Bxf6 13.b4 Ne6 14.Nd5 Bg7 15.c5 c6
16.Ne3 Nd4 17.Bc4 Nxf3+ 18.gxf3 Bf8 19.Rac1 Bh3 20.Bf1 Be6 21.Bc4 Bh3 22.Bf1 Be6
23.Bc4 Bh3 24.Bf1  1/2-1/2

[Event "III Sants Hostafrancs Open"]
[Site "Barcelona ESP"]
[Date "2001.09.06"]
[Round "6"]
[White "Torrecillas Martinez,A"]
[Black "Ruiz Bravo,A"]
[Result "1-0"]
[WhiteElo "2392"]
[BlackElo "2108"]

1.Nf3 Nf6 2.c4 g6 3.Nc3 Bg7 4.d4 O-O 5.e4 d6 6.Be2 e5 7.dxe5 dxe5 8.Qxd8 Rxd8
9.Bg5 Re8 10.Nd5 Nxd5 11.cxd5 Bf8 12.Rc1 Bd6 13.Nd2 Nd7 14.g4 Nb6 15.Bb5 Bd7
16.Bxd7 Nxd7 17.Ke2 f6 18.Be3 a6 19.f3 Kf7 20.Nc4 Ke7 21.Rc2 Rec8 22.Na5 Rcb8
23.a3 Ke8 24.h4 Kf7 25.h5 g5 26.Rhc1 b6 27.Nc4 Ke7 28.Bf2 a5 29.Ne3 Kd8 30.Rc6 Rc8
31.Nf5 Rab8 32.R1c2 b5 33.Kd3 b4 34.Nxd6 cxd6 35.axb4 axb4 36.Rxd6 Rxc2 37.Kxc2 Ra8
38.Bb6+ Ke7 39.Re6+ Kf7 40.Kb3 Ra1 41.Kxb4 Rf1 42.Bd8 Rxf3 43.Re7+ Kg8 44.Rxd7  1-0

[Event "3rd Open"]
[Site "Glyfada GRE"]
[Date "2001.09.06"]
[Round "7"]
[White "Tsanas,A"]
[Black "Koskinen,Hen"]
[Result "1-0"]
[WhiteElo "2171"]
[BlackElo "2321"]

1.Nf3 g6 2.c4 d6 3.d4 Bg7 4.Nc3 Nf6 5.e4 O-O 6.Be2 e5 7.d5 a5 8.Be3 Na6 9.Nd2 Qe7
10.O-O Kh8 11.a3 Ng8 12.b4 Bh6 13.Bxh6 Nxh6 14.Nb3 axb4 15.axb4 Rb8 16.Qd2 Kg7
17.b5 Nc5 18.Nxc5 dxc5 19.b6 cxb6 20.Qb2 b5 21.Nxb5 f6 22.Ra7 Nf7 23.Qa3 Bd7
24.Rb1 Bxb5 25.Rxb5 Rfc8 26.Bg4 Rc7 27.Rb6 Nd6 28.Qd3 Rd8 29.Be6 Ne8 30.h4 Rd6
31.Rxd6 Qxd6 32.Ra8 Re7 33.Qb3 h5 34.Qg3 Kh7 35.Bf5 gxf5 36.exf5 Rg7 37.Qf3 Rg4
38.Rxe8 Qb6 39.g3 e4 40.Qe3 Qb1+ 41.Kg2 Qd3 42.Re7+ Kg8 43.Kh2 Qd4 44.Rxb7 Qe5
45.d6 Rg7 46.Rxg7+ Kxg7 47.Qd2 e3 48.fxe3  1-0

[Event "ch-UKR"]
[Site "Ordzhonikidze UKR"]
[Date "2001.09.08"]
[Round "1"]
[White "Malakhatko,V"]
[Black "Efimenko,Z"]
[Result "0-1"]
[WhiteElo "2557"]
[BlackElo "2495"]

1.d4 Nf6 2.Nf3 g6 3.c4 Bg7 4.Nc3 d6 5.e4 O-O 6.Be2 e5 7.Be3 Na6 8.O-O Ng4
9.Bg5 Qe8 10.h3 h6 11.Bc1 Nf6 12.d5 Nc5 13.Nd2 a5 14.b3 Bd7 15.Rb1 Nh7 16.a3 f5
17.b4 axb4 18.axb4 Na4 19.Bb2 Nf6 20.Bd3 Nxc3 21.Bxc3 f4 22.c5 Qe7 23.Rc1 g5
24.Be2 Ba4 25.Qe1 h5 26.cxd6 cxd6 27.f3 Bd7 28.Nc4 g4 29.Qh4 g3 30.Qg5 Kh7
31.Nxe5 dxe5 32.Qxe5 Qxe5 33.Bxe5 Ne8 34.Bxg7 Kxg7 35.e5 Rf5 36.e6 Ba4 37.Bc4 Nd6
38.Rfe1 Rc8  0-1

[Event "TCh-YUG"]
[Site "Herceg Novi YUG"]
[Date "2001.09.09"]
[Round "7"]
[White "Kosic,D"]
[Black "Vojinovic,G"]
[Result "1-0"]
[WhiteElo "2508"]
[BlackElo "2463"]

1.d4 Nf6 2.Nf3 g6 3.c4 Bg7 4.Nc3 O-O 5.e4 d6 6.Be2 e5 7.Be3 exd4 8.Nxd4 Re8
9.f3 c6 10.Bf2 Nbd7 11.O-O d5 12.exd5 cxd5 13.Ndb5 dxc4 14.Bxc4 a6 15.Nd6 Rf8
16.Re1 b5 17.Bb3 Rb8 18.Qe2 Nb6 19.Rad1 Bd7 20.Kh1 Nc8 21.Nxf7 Rxf7 22.Ne4 Ne8
23.Bxf7+ Kxf7 24.Ng5+  1-0

[Event "9th Asian Women"]
[Site "Chennai IND"]
[Date "2001.09.11"]
[Round "10"]
[White "Nguyen Thi Thanh An"]
[Black "Huang Qian"]
[Result "1-0"]
[WhiteElo "2275"]
[BlackElo "2260"]

1.d4 Nf6 2.Nf3 d6 3.c4 g6 4.Nc3 Bg7 5.e4 O-O 6.Be2 e5 7.O-O exd4 8.Nxd4 Re8
9.f3 c6 10.Kh1 h6 11.Nc2 Be6 12.Be3 Kh7 13.Qd2 Qe7 14.Rad1 Rd8 15.Bc5 Ne8
16.Bd4 Na6 17.f4 f5 18.exf5 gxf5 19.Bxg7 Nxg7 20.Nd4 Bf7 21.Bd3 Bg6 22.g4 Qf6
23.Nxf5 Nc5 24.Bc2 Nxf5 25.gxf5 Bxf5 26.b4 Ne6 27.Rg1 Rg8 28.Ne4 Qf8 29.Nxd6 Bxc2
30.Qxc2+ Kh8 31.Rxg8+ Qxg8 32.Rg1 Qh7 33.Qc3+ Ng7 34.Qf6 Re8 35.Nf7+ Kg8
36.Nxh6+ Kh8 37.Nf5  1-0

[Event "ch-UKR"]
[Site "Ordzhonikidze UKR"]
[Date "2001.09.11"]
[Round "4"]
[White "Savon,V"]
[Black "Kozakov,M"]
[Result "1-0"]
[WhiteElo "2449"]
[BlackElo "2496"]

1.d4 g6 2.Nf3 Bg7 3.c4 Nf6 4.Nc3 O-O 5.e4 d6 6.Be2 Na6 7.O-O e5 8.d5 Nc5
9.Bg5 h6 10.Bxf6 Qxf6 11.b4 Nd7 12.Nd2 Qe7 13.Rc1 f5 14.c5 Nf6 15.Bd3 h5
16.Nc4 f4 17.Be2 Kh8 18.Re1 Bh6 19.Rc2 Rg8 20.Nb5 Ne8 21.a4 Bf8 22.Qc1 Qg5
23.cxd6 Bh3 24.Bf1 cxd6 25.Na5 Rg7 26.Qa3 Bd7 27.Rec1 Nf6 28.f3 Bxb5 29.Bxb5 b6
30.Nb3 Qh4 31.Nd2 g5 32.Bf1 g4 33.Qd3 Be7 34.Rc8+ Rxc8 35.Rxc8+ Kh7 36.Qe2 a5
37.b5 gxf3 38.Nxf3 Qg4 39.Rc6 Nd7 40.Nd2 Qg6 41.Qf3 Nc5 42.Nc4 Nxa4 43.Nxe5 Qg5
44.Nc4 Qg4 45.Qxg4 hxg4 46.Nxd6 Bxd6 47.Rxd6 Re7 48.Rc6 Kg7 49.d6 Rd7 50.e5 Nc5
51.Bc4  1-0

[Event "TCh-CRO"]
[Site "Pula CRO"]
[Date "2001.09.11"]
[Round "2"]
[White "Shariyazdanov,A"]
[Black "Zivkovic,Vj"]
[Result "1/2-1/2"]
[WhiteElo "2582"]
[BlackElo "2356"]

1.d4 Nf6 2.c4 g6 3.Nc3 Bg7 4.e4 d6 5.Be2 O-O 6.Nf3 Na6 7.O-O e5 8.Re1 c6
9.Bf1 Bg4 10.d5 Nb4 11.Be2 a5 12.h3 Bd7 13.Bg5 Na6 14.Nd2 h6 15.Be3 Kh7 16.a3 h5
17.Rb1 c5 18.Bd3 Bh6 19.Bxh6 Kxh6 20.Qe2 g5 21.Qe3 Nh7 22.Kh2 Qf6 23.g3 Kg7
24.Rf1 Kh8 25.Ne2 Rg8 26.f4 gxf4 27.gxf4 Qh6 28.Rg1 Nc7 29.Nf3 f6 30.Nh4 Rxg1
31.Rxg1 Rg8 32.Rf1 Ne8 33.b3 Nf8 34.Ng3 Ng6 35.Nxg6+ Rxg6 36.Ne2 h4 37.Rg1 Rxg1
38.Qxg1 Ng7 39.Qf2 Bc8 40.Kg1 Kh7 41.Kh2 Kh8  1/2-1/2

[Event "TCh-CRO Women"]
[Site "Pula CRO"]
[Date "2001.09.13"]
[Round "4"]
[White "Trtanj,T"]
[Black "Djingarova,E"]
[Result "0-1"]
[WhiteElo "2167"]
[BlackElo "2285"]

1.d4 d6 2.Nf3 g6 3.c4 Bg7 4.Nc3 Nf6 5.e4 O-O 6.Be2 e5 7.O-O Nbd7 8.h3 exd4
9.Nxd4 Nc5 10.Bg5 h6 11.Bxf6 Qxf6 12.Nf3 Re8 13.Qc2 Ne6 14.Rad1 Nf4 15.Rb1 Be6
16.Rfe1 c6 17.Nd1 Rad8 18.Ne3 Bc8 19.Ng4 Nxe2+ 20.Rxe2 Bxg4 21.hxg4 Qe6 22.g5 hxg5
23.Nxg5 Qg4 24.Nf3 Re6 25.Rd1 Rde8 26.b3 f5 27.Red2 fxe4 28.Nh2 Qh5 29.Nf1 Be5
30.Re2 Kg7 31.Re3 d5 32.cxd5 cxd5 33.Rh3 Qg5 34.Rxd5 Bh2+ 35.Rxh2 Qxd5 36.Qc7+ R6e7
37.Qg3 e3 38.Nxe3 Qd1+  0-1

[Event "TCh-CRO"]
[Site "Pula CRO"]
[Date "2001.09.13"]
[Round "4"]
[White "Feletar,D"]
[Black "Kozul,Z"]
[Result "0-1"]
[WhiteElo "2441"]
[BlackElo "2556"]

1.Nf3 Nf6 2.c4 g6 3.Nc3 Bg7 4.e4 d6 5.Be2 O-O 6.d4 c6 7.O-O e5 8.Re1 Na6
9.Rb1 exd4 10.Nxd4 Nc5 11.Bf1 a5 12.f3 Nh5 13.Be3 f5 14.Bf2 f4 15.Qd2 Be5
16.Red1 Qe7 17.b3 g5 18.Be2 Ng7 19.a3 h5 20.b4 axb4 21.axb4 Nce6 22.b5 Nxd4
23.Bxd4 Ne6 24.Bxe5 dxe5 25.Qd6 Qxd6 26.Rxd6 Ra3 27.Rc1 g4 28.Kf2 Nd4 29.Bd1 Kg7
30.Ba4 g3+ 31.hxg3 fxg3+ 32.Kxg3 Rxc3 33.Rxc3 Ne2+ 34.Kh4 Nxc3 35.Bb3 cxb5
36.cxb5 Nxb5 37.Rb6 Nd4 38.Kxh5 Rf6  0-1

[Event "TCh-CRO"]
[Site "Pula CRO"]
[Date "2001.09.13"]
[Round "4"]
[White "Gazarek,D"]
[Black "Jankovic,A"]
[Result "1/2-1/2"]
[WhiteElo "2354"]
[BlackElo "2254"]

1.d4 Nf6 2.Nf3 g6 3.c4 Bg7 4.Nc3 O-O 5.e4 d6 6.Be2 e5 7.Bg5 h6 8.Bh4 Nbd7
9.O-O c6 10.Re1 a5 11.Qd2 Re8 12.Bf1 Qb6 13.Rad1 Nh5 14.c5 dxc5 15.d5 Bf8
16.Qc2 Qa7 17.dxc6 bxc6 18.Na4 Nf4 19.Bc4 Ne6 20.Bxe6 Rxe6 21.Nd2 c4 22.Nxc4 Ba6
23.Re3 Nc5 24.Ncb6 Nxa4 25.Nxa8 Nc5 26.Rc3 Rd6 27.Rxd6 Bxd6 28.Nc7 Qxc7 29.Rxc5 Bd3
30.Qxd3 Bxc5 31.Qd8+ Qxd8 32.Bxd8 a4 33.Kf1 Bd4 34.b3 axb3 35.axb3 Kf8 36.f3 Ke8  1/2-1/2